00221nam a22000977a 4500999001900000020001500019100002800034245002200062260003200084942000700116 c262954d262953 a0590437941 aHans christian anderson aThe Ugly Duckling aNew York bScholasticc1987 cBK